Who Sings that Christmas Song? - Statistics

General Stats
  • This quiz has been taken 114 times
  • The average score is 6 of 14
Answer Stats
Year Song Singer % Correct
1994 All I Want for Christmas Is You Mariah Carey
93%
1985 Last Christmas Wham!
89%
1942 White Christmas Bing Crosby
73%
1984 Do They Know It's Christmas? Band Aid
67%
1958 Rockin' Around the Christmas Tree Brenda Lee
51%
1963 It's the Most Wonderful Time of the Year Andy Williams
47%
1970 Feliz Navidad José Feliciano
33%
1964 A Holly Jolly Christmas Burl Ives
27%
1958 Run Rudolph Run Chuck Berry
27%
1963 Sleigh Ride The Ronettes
24%
1957 Jingle Bell Rock Bobby Helms
22%
1987 Christmas in Hollis Run-D.M.C.
19%
1947 Here Comes Santa Claus (Down Santa Claus Lane) Gene Autry
18%
1954 (There's No Place Like) Home for the Holidays Perry Como
18%
No matching quizzes found
Score Distribution
Percent of People with Each Score
Percentile by Number Answered
Your Score History
You have not taken this quiz